00474nam a2200157Ia 450000500170000000800410001708200130005810000210007124500280009226000410012030000130016165000220017494200060019695200990020299900150030120250313151707.0240331s9999 xx 000 0 und d bGANa894 aGaneshalingan, S 0aOru kudummpathin kathai aVadapalanibKumaran Publishersc1993 a203 p ., aStory of a Family cL 001040708LaWERCLbWERCLcSSCd2024-03-31l0o 894.811 GANp3492r2024-03-31w2024-03-31yL c3864d3864